LEADER 03888 am 2200901 n 450 001 9910496013203321 005 20210311 010 $a2-86958-527-6 024 7 $a10.4000/books.efa.7332 035 $a(CKB)4100000011956559 035 $a(FrMaCLE)OB-efa-7332 035 $a(oapen)https://directory.doabooks.org/handle/20.500.12854/85154 035 $a(PPN)256383987 035 $a(EXLCZ)994100000011956559 100 $a20210615j|||||||| ||| 0 101 0 $afre 135 $auu||||||m|||| 181 $ctxt$2rdacontent 182 $cc$2rdamedia 183 $acr$2rdacarrier 200 10$aNommer et classer dans les Balkans /$fGilles de Rapper, Pierre Sintès 210 $aAthènes $cÉcole française d?Athènes$d2021 215 $a1 online resource (397 p.) 225 1 $aMondes méditerranéens et balkaniques (MMB) 311 $a2-86958-202-1 330 $aCet ouvrage explore les processus de dénomination des lieux et des populations dans les Balkans contemporains. Durant les deux dernières décennies, les pays de la région ont en effet vu se multiplier et s?intensifier les enjeux autour des désignations collectives : nécessité de nommer les nouveaux États issus de l?éclatement de la Yougoslavie, affirmation identitaire de minorités ethniques ou nationales, irruption de nouvelles catégories de population. De la Roumanie à la Grèce, de la Turquie à la Croatie, les textes rassemblés ici visent à la compréhension de ces processus dans le contexte balkanique. Pour cela, quatre thèmes ont retenu l?attention des auteurs : la désignation « Valaque », répandue dans toute la péninsule mais mouvante et difficile à cerner ; la dénomination des groupes minoritaires ou issus de l?immigration en Grèce ; les politiques toponymiques élaborées dans la région aux XIXe et XXe siècles ; la notion d?autochtonie et son articulation avec la dénomination des lieux et des groupes. 606 $aHistory 606 $aidentité culturelle 606 $aethnologie 606 $aépoque contemporaine 606 $aautochtonie 606 $aBalkans 606 $aChypre 610 $aidentité culturelle 610 $aethnologie 610 $aépoque contemporaine 610 $aautochtonie 610 $aBalkans 610 $aChypre 615 4$aHistory 615 4$aidentité culturelle 615 4$aethnologie 615 4$aépoque contemporaine 615 4$aautochtonie 615 4$aBalkans 615 4$aChypre 700 $aBalamaci$b Nick$01287513 701 $aBotea$b Bianca$01287514 701 $aBouchon$b Richard$0732591 701 $aChristopoulou$b Nadina$01287515 701 $aClayer$b Nathalie$0471447 701 $a?olovi?$b Ivan$0693350 701 $aCopeaux$b Étienne$01232662 701 $aCouderc$b Anne$01287516 701 $aCouroucli$b Maria$01111868 701 $ade Rapper$b Gilles$01287517 701 $aDimitrijevic$b Dejan$01287518 701 $aGeorgelin$b Hervé$0937608 701 $aGossiaux$b Jean-François$01287519 701 $aGounaridis$b Pâris$01286498 701 $aKapllani$b Gazmend$01287520 701 $aMaillot$b Stéphanie$01287521 701 $aMarkou$b Katérina$01287522 701 $aMulliez$b Dominique$0173077 701 $aNestoropoulou$b Alexandra$01287523 701 $aPérouse$b Jean-François$0884391 701 $aSchippers$b Thomas K$01287524 701 $aSintès$b Pierre$01256483 701 $aSkoulariki$b Athéna$01287525 701 $aTsitsélikis$b Konstantinos$01287526 701 $aYannakopoulos$b Konstantinos$01287527 701 $ade Rapper$b Gilles$01287528 701 $aSintès$b Pierre$01256483 801 0$bFR-FrMaCLE 906 $aBOOK 912 $a9910496013203321 996 $aNommer et classer dans les Balkans$93020176 997 $aUNINA LEADER 05020nam 2200733 a 450 001 9910781999203321 005 20231003171530.0 010 $a1-57506-613-0 035 $a(CKB)2550000000052404 035 $a(OCoLC)759160119 035 $a(CaPaEBR)ebrary10495955 035 $a(SSID)ssj0000565808 035 $a(PQKBManifestationID)12200911 035 $a(PQKBTitleCode)TC0000565808 035 $a(PQKBWorkID)10533320 035 $a(PQKB)11581947 035 $a(MiAaPQ)EBC3155599 035 $a(Au-PeEL)EBL3155599 035 $a(CaPaEBR)ebr10495955 035 $a(OCoLC)939263462 035 $a(EXLCZ)992550000000052404 100 $a20110628d2010 uy 0 101 0 $aeng 135 $aurcn||||||||| 181 $ctxt$2rdacontent 182 $cc$2rdamedia 183 $acr$2rdacarrier 200 10$aCity administration in the ancient Near East $eproceedings of the 53e Rencontre assyriologique internationale$hVol. 2 /$fedited by L. Kogan [et al.] 210 1$aWinona Lake, Ind. :$cEisenbrauns,$d2010. 215 $a1 online resource (xv, 370 pages) $cillustrations, maps 225 1 $aBabel und Bibel ;$v5 225 1 $aOrientalia et classica ;$vv. XXXI 300 $aPapers from second part of 53rd Rencontre assyriologique internationale meetings, held in Hermitage Theater, St. Petersburg, Russia, July 27, 2007; first part was held in Moscow, Russia, and was entitled "Language in the ancient Near East." 300 $a"Published for the Russian State University for the Humanities." 311 0 $a1-57506-168-6 320 $aIncludes bibliographical references. 327 $aOpening lectures. "He put in order the accounts" : remarks on the early dynastic background of the administrative reorganizations in the Ur III state / Gebhard Selz -- E?tre chef d'un e?tat Amorrite : city administration in the ancient Near East / Jean-Marie Durand -- Administration in texts from the first Sealand dynasty / Stephanie Dalley -- City administration in poetry : the case of the herald / Dina Katz -- Between city institutions and markets : Mesopotamian traders of the 2nd millennium BC / Rafa Kolin?ski -- L'administration de Chagar Bazar (As?nakkum) a? l'e?poque de Samsi?-Addu / Denis Lacambre -- How to control nomads? : a case study associated with Jebel Bishri in central Syria : West Semitic nomads in relation to the urban world / Minna Lo?nnqvist -- The Sargonic "archive" of Me-sasag7, cup-bearer of Adab / Massimo Maiocchi -- Le ©£hazannu a? Mari et sur le moyen-Euphrate / Lionel Marti -- From oral promise to written receipt : a cognitive study of the use of mnemonics within ancient administration / Bonnie Nilhamn -- Verschenkte Stadte/ko?nigliche Landschenkungen an Go?tter und Menschen / Susanne Paulus -- ©£Hazannum : the forgotten mayor / Jon Taylor -- Stadtische Selbstverwaltung und sozial-politischer Gemeindesektor in Pho?nikien und Syrien / Yuli B. Tsirkin -- The role of the ©£hazannu in the Neo-Assyrian empire / Greta Van Buylaere -- The city-administration of Ugarit / Wilfred H. van Soldt -- New light from an unpublished archive of Meskigalla, Ensi of Adab, housed in the Cornell University collections : professions and labor in the Ur III period / Giuseppe Visicato -- A Babylonian gang of potters : reconstructing the social organization of crafts production in the late third millennium BC southern Mesopotamia / Jacob Dahl -- What work did the Damgars do? : towards a definition of Ur III labor / Steven Garfinkle -- Administration of the irrigation fee in Umma during the Ur III period (ca. 2112-2004 BCE) / Xiaoli Ouyang. 410 0$aOrientalia et classica ;$vissue 31. 410 0$aBabel und Bibel ;$v5. 517 3 $aProceedings of the 53e Rencontre assyriologique internationale. Vol. 2 517 3 $aProceedings of the cinquante-troisie?me Rencontre assyriologique internationale. Vol. 2 517 3 $aProceedings of the 53rd Rencontre assyriologique internationale. Vol. 2 606 $aMunicipal government$zMiddle East$xHistory$yTo 1500$vCongresses 606 $aCities and towns, Ancient$zMiddle East$vCongresses 606 $aCity and town life$zMiddle East$xHistory$yTo 1500$vCongresses 607 $aMiddle East$xPolitics and government$vCongresses 607 $aMiddle East$xHistory$yTo 622$vCongresses 607 $aAssyria$xHistory$vCongresses 607 $aBabylonia$xHistory$vCongresses 607 $aUr (Extinct city)$vCongresses 615 0$aMunicipal government$xHistory 615 0$aCities and towns, Ancient 615 0$aCity and town life$xHistory 676 $a320.8/509394 701 $aKogan$b Leonid Efimovich$01472146 712 02$aRossii?skii? gosudarstvennyi? gumanitarnyi? universitet. 712 12$aRencontre assyriologique internationale 801 0$bMiAaPQ 801 1$bMiAaPQ 801 2$bMiAaPQ 906 $aBOOK 912 $a9910781999203321 996 $aCity administration in the ancient Near East$93684835 997 $aUNINA